| 000 | 00972nam a2200277 i 4500 | ||
|---|---|---|---|
| 001 | 6736 | ||
| 003 | ES-MaACL | ||
| 005 | 20250904204915.0 | ||
| 007 | t| | ||
| 008 | 900415s1981 sp |||| | spa d | ||
| 020 | _a84-85719-23-9 | ||
| 080 | _a346.15(460) | ||
| 245 | 0 | 3 |
_aEl modelo económico en la Constitución española / _ccon trabajos de Gaspar Ariño Ortiz ... [et al.] ; equipo dirigido y coordinado por Fernando Garrido Falla. |
| 260 |
_aMadrid : _bInstituto de Estudios Económicos, _c1981. |
||
| 300 |
_a2 v. ; _c24 cm. |
||
| 490 | 1 | _aEstudios | |
| 504 | _aBibliografía. | ||
| 610 | 1 | 4 |
_aEspaña. _tConstitución, 1978. _93657 |
| 650 | 7 |
_aDerecho y economía _2embne _9168403 |
|
| 700 | 1 |
_aGarrido Falla, Fernando, _d1921-2003 _955700 |
|
| 700 | 1 |
_aAriño Ortiz, Gaspar. _922842 |
|
| 710 | 2 |
_aInstituto de Estudios Económicos (Madrid) _94899 |
|
| 830 | 1 |
_aEstudios _9177349 |
|
| 852 | 4 |
_aES-MaACL _jL-13951-52 |
|
| 999 |
_c6736 _d6736 |
||